Ази, Дорно дахины үлгэрүүд (Бичлэгийн дугаар. 63327)

MARC дэлгэрэнгүй
000 -Удирдлага
Ном зүйн бүртгэл тоо буюу кодлох утгыг агуулсан 01170 a2200217 4500
003 - ХЯНАЛТЫН ТОО ТОДОРХОЙЛОГЧ
Код MN-UlNLM
005 - ХАМГИЙН СҮҮЛИЙН ҮЕИЙН ХЭЛЦЛИЙН ОГНОО БА ЦАГ
Тухайн бичилтийг бичсэн засварласан сүүлийн огноо. 20220623130517.0
008 - ЕРӨНХИЙ МЭДЭЭЛЭЛ-ЭЛЕМЕНТҮҮДИЙН ӨГӨГДЛИЙН УРТ
fixed length control field a130t2013 mp ||||| |||| 00| 0 mon d
020 ## - ОЛОН УЛСЫН СТАНДАРТ НОМЫН ДУГААР-ISBN
Олон Улсын Стандарт Номын Дугаар 99962-54-50-Х
040 ## - ЭХ СУРВАЛЖИЙГ ТОДОРХОЙЛОН БИЧИХ
Анхны каталогийн байгууллага Монгол Улсын Үндэсний номын сан
084 ## - БУСАД АНГИЛЛЫН ДУГААР
Анги 82.3(5)
Ангиллын нэр Номын сан номзүйн ангилал
Зохиогчийн 3-н тэмдэгт А 341
Шинжлэх ухааны мэдлэгийн салбар Ардын аман зохиол, утга зохиол - 82
245 0# - ҮНДСЭН ГАРЧИГ
Гарчиг Ази, Дорно дахины үлгэрүүд
Оролцогчдын тухай мэдээ Орч. Н.Энхбаяр.
260 1# - ГАРАЛТЫН ТУХАЙ МЭДЭЭ
Хэвлэгдсэн он 2013
Хэвлэгдсэн газар УБ
Хэвлэлийн газар Содпресс
300 ## - ТООНЫ МЭДЭЭ
Хуудасны тоо 420х
546 ## - ХЭЛНИЙ ТУХАЙ МЭДЭЭ
Хэл
653 ## - ТҮЛХҮҮР ҮГС
Түлхүүр үг Ардын аман зохиол,утга зохиол
-- Үлгэр
740 ## - НОМЫН АГУУЛГЫН ГАРЧИГ
Номын гарчгууд Арабын орнуудын ард түмний үлгэрүүд.
-- Афган ардын үлгэр.
-- Африкийн улс үндэстнүүдийн үлгэр.
-- Вьетнам үлгэрүүд.
-- Израйль ардын үлгэр.
-- Энэтхэг ардын үлгэр.
-- Индонез ардын үлгэр.
-- Хятад ардын үлгэр.
-- Солонгос ардын үлгэр.
-- Перс үлгэрүүд.
-- Монгол ардын үлгэр.
-- Турк үлгэрүүд.
-- Япон үлгэрүүд.
856 ## - ЭЛЕКТРОН БАЙРЛАЛ БА ХОЛБООС
Төрөл Хэвлэмэл ном
942 ## - ЭЛЕМЕНТИЙН ТӨРӨЛ
Төрөл Ном
Захиалгууд
Буцаан татагдсан төлөв Хасагдсан шалтгаан Гэмтсэн төлөв Данс заагч Захиалах боломжгүй Үндсэн номын сан Одоогийн байршил Салбар танхим Сан хөмрөг 5 Бүртгэсэн огноо Тавиурын заалт Баркод Үнэ Хамгийн сүүлд байсан огноо Салбар Нийт уншлаганд гарсан тоо Хамгийн сүүлд уншлаганд гарсан огноо Төрөл Бүрдүүлэлтийн эх үүсвэр Уншигчдад зориулсан мэдээлэл
          МУҮНомын сан салбар МУҮНомын сан салбар МУҮНС салбар | Язгуур танхим 8 давхар МУҮНС салбар | Язгуур танхим 8 давхар 2021-08-30 86227 02086227 12000.00 2023-04-28 0000020862 14 2023-04-28 Ном    
          МУҮНомын сан салбар МУҮНомын сан салбар МУҮНС салбар | Язгуур танхим 8 давхар МУҮНС салбар | Язгуур танхим 8 давхар 2021-08-30 86228 02086228 12000.00 2025-01-17 0000020862 6 2025-01-17 Ном    
          МУҮНомын сан салбар МУҮНомын сан салбар МУҮНС салбар | Цахим танхим 3 давхар МУҮНС салбар | Цахим танхим 3 давхар 2022-02-09 804 000911000804 5240.00 2022-02-09       Цахим материал Худалдан авсан Киндлээр уншина